Công nghệ vi sinh vật

שמור ב:
מידע ביבליוגרפי
מחבר ראשי: Lương Đức Phẩm
פורמט: ספר
שפה:Undetermined
יצא לאור: Hà Nội Nông Nghiệp 1998
נושאים:
תגים: הוספת תג
אין תגיות, היה/י הראשונ/ה לתייג את הרשומה!
Thư viện lưu trữ: Trung tâm Học liệu Trường Đại học Cần Thơ
LEADER 00640nam a2200205Ia 4500
001 CTU_29940
008 210402s9999 xx 000 0 und d
082 |a 660.62 
082 |b Ph120 
100 |a Lương Đức Phẩm 
245 0 |a Công nghệ vi sinh vật 
245 0 |c Lương Đức Phẩm 
260 |a Hà Nội 
260 |b Nông Nghiệp 
260 |c 1998 
526 |a Cơ sở công nghệ sinh học 
526 |b CSS601 
650 |a food - microbiology,food - protein content,food - vitamin content 
904 |i Sáng, 981224 
980 |a Trung tâm Học liệu Trường Đại học Cần Thơ